| 000 | 01013nam a2200289Ia 4500 | ||
|---|---|---|---|
| 001 | G5382 | ||
| 003 | IT-RoPAU | ||
| 008 | 130308s9999 xx 000 0 und d | ||
| 040 | _aIT-RoPAU | ||
| 040 | _cIT-RoPAU | ||
| 041 | _aITALIANO | ||
| 100 | _aWagstaff Christopher | ||
| 100 | _gCodice Aut. SPICS: 53193 | ||
| 245 | _aAssenza dell'oggi (L'). il cinema italiano in gran Bretagna | ||
| 245 | _bCinema della Transizione (Il). scenari Italiani degli Anni Novanta | ||
| 250 | _a1a ed. | ||
| 260 | _aVENEZIA | ||
| 260 | _bMarsilio | ||
| 260 | _c2000 [1° Ed.:2000 - Ed.Ling.Originale:2000] | ||
| 300 | _a"16 p. (prefazione: no ; testo: 16 [pagine: 439-454])" | ||
| 500 | _aFilm Italiano Apprezzato in gran Bretagna. Elenco dei Film Italiani Distribuiti in gran Bretagna dal 1990 al 1999, Film Trasmessi in Televisione o Venduti in videocassetta Nello Stesso Periodo. | ||
| 650 | _aTEORICHE CINEMATOGRAFICHE | ||
| 650 | _eCodice materia Spics: 6805 | ||
| 942 | _cBK | ||
| 957 | _71 | ||
| 999 |
_c82938 _d82938 |
||
| 999 | _g1 | ||